000 00441nam a22001817a 4500
003 MPLRDC
005 20220104143102.0
008 210129b ||||| |||| 00| 0 eng d
020 _a7-5381-1361-4
082 _a091 ZJB
100 _a张锦标
245 _a脏象演易: 实用医易研究
_c
250 _a一版一刷
260 _a
_b辽宁科学技术出版社
_c1992
300 _b
650 _a易经
942 _cBK
_o091 ZJB
999 _c36470
_d36460